Les guerres modernes et la pensée catholique : et autres essais sociologiques /

Na minha lista:
Detalhes bibliográficos
Autor principal: Sturzo, Luigi (autor)
Formato: Livro
Idioma:francês
Publicado em: Westmount, Canadá : Editions de l'Arbre, 1942, c1942
Colecção:(Problèmes Actuels ; 8)
Assuntos:
Tags: Adicionar Tag
Sem tags, seja o primeiro a adicionar uma tag!

MARC

LEADER 00000nam^a2200000^a^4500
001 000182286
005 20250521000000.0
009 20260310102000.6
037 |a Acervo ITESO - Biblioteca 
041 |a FRA 
082 |a 261. 7  |b STU 
100 |a Sturzo, Luigi  |e (autor) 
245 1 4 |a Les guerres modernes et la pensée catholique :  |b et autres essais sociologiques /  |c L. Sturzo. 
264 4 |a Westmount, Canadá :  |b Editions de l'Arbre,  |c 1942, c1942 
300 |a 235 p. 
336 |a texto  |b txt  |2 rdacontenido 
337 |a sin mediación  |b n  |2 rdamedio 
338 |a volumen  |b nc  |2 rdasoporte 
440 1 |a (Problèmes Actuels ;  |v 8) 
649 |a XX 
650 |a Guerra y Paz 
650 |a Libertad 
650 |a Autoridad 
650 |a Democracia 
650 |a Etica Cristiana 
650 |a Iglesia y Problemas Sociales 
650 |a Cristianismo y Política 
650 |a Cristianismo y Sociedad 
650 |a Religión 
910 |a Fondo General 
920 |a Impresos - Libros 
930 |a Colección General 
905 |a 101 
901 |a 0500122267  |b IT1  |c ACC  |u 20250521 
902 |a https://opac.biblio.iteso.mx/vufind/Record/000182286